• 首页
  • 本馆介绍
  • 公告通知
  • 最新文献
  • 馆藏检索
  • 电子资源
  • 读者导购
  • 参考咨询
  • 我的图书馆
  • 登录
  • 详细信息显示
  • 放入我的书架
  • 预约/预借图书
  • 作者相关作品
  • 分类相关作品
  • 丛书相关作品
  • 出版社相关作品

书目信息

  • 表格格式
  • 工作单格式
  • 卡片格式
题名:
双城记
    
 
作者: 狄更斯 著
分册:  
出版信息: 北京   外文出版社  1993
页数: 410页
开本: 18cm
丛书名: 企鹅丛书
单 册:
中图分类: H319.5 , H319.4:I , H319.4
科图分类:
主题词: 英语--小说--课外读物
电子资源:
ISBN: 7-119-01596-6
000 00699oam2 2200265 450
001 1540377339
005 20150118111345.34
010    @a7-119-01596-6@dCNY9.60
100    @a20020325d1993 em y0chiy0110 ea
101 0  @aeng
102    @aCN@b110000
105    @aa z 000yy
200 1  @a双城记@9shuang cheng ji@f(英)狄更斯著
210    @a北京@c外文出版社@d1993
215    @a410页@c图@d18cm
225 2  @a企鹅丛书
461  0 @12001 @a企鹅丛书
510 1  @aA tale of two cities@zeng
606 0  @a英语@x小说@j课外读物
690    @aH319.5@v5
690    @aH319.4:I@v5
690    @aH319.4@v4
701  1 @a狄更斯@9di geng si@4著
801  0 @aCN@bTSSF@c20150115
905    @aZUCC@dH319.4@eJY510
    
    双城记/(英)狄更斯著.-北京:外文出版社,1993
    410页:图;18cm.-(企鹅丛书)
    
    
    ISBN 7-119-01596-6:CNY9.60
    
●
相关链接 在E读中查询图书 在五车中查询图书 在当当中查询图书 在豆瓣中查询图书


正题名:双城记     索取号:H319.4/JY510         预约/预借

序号 登录号 条形码 馆藏地/架位号 状态 备注
1 7842040   278420406   学院路分馆/ [索取号:H319.4/JY510] 在馆    
2 7842041   278420415   学院路分馆/ [索取号:H319.4/JY510] 在馆    
3 7842042   278420424   学院路分馆/ [索取号:H319.4/JY510] 在馆    
唐山师范学院图书馆 欢迎您!
大连网信软件有限公司© 版权所有